Geldpolitik, Konjunktur und rationalisierung Erwartungen
Gespeichert in:
| 1. Verfasser: | |
|---|---|
| Format: | Buch |
| Sprache: | Deutsch |
| Veröffentlicht: |
Tübingen
Mohr
1984
|
| Schriftenreihe: | Kieler Studien
188 |
| Tags: |
Keine Tags, Fügen Sie das erste Tag hinzu!
|
MARC
| LEADER | 00000nam a2200000 4500 | ||
|---|---|---|---|
| 001 | c114140 | ||
| 005 | 20181203150325.8 | ||
| 041 | 0 | |a ger | |
| 044 | |a DE | ||
| 245 | 1 | 0 | |a Geldpolitik, Konjunktur und rationalisierung Erwartungen |c Joachim Scheide |
| 264 | 1 | |a Tübingen |b Mohr |c 1984 | |
| 300 | |a 135 s. | ||
| 490 | 1 | |a Kieler Studien |v 188 | |
| 830 | 0 | |a Kieler Studien |v 188 | |
| 100 | 1 | |a Scheide, Joachim | |